El investigador criminal como elemento escencial para el pleno disfrute del derecho de defensa en un sistema penal oral acusatorio /

Збережено в:
Бібліографічні деталі
Автор: Rey Vega, Carlos
Формат: Текст
Теги: Додати тег
Немає тегів, Будьте першим, хто поставить тег для цього запису!

MARC

LEADER 00000 a a2200000 04500
001 44313
003
040
100 |a Rey Vega, Carlos  
245 |a El investigador criminal como elemento escencial para el pleno disfrute del derecho de defensa en un sistema penal oral acusatorio /  |c Carlos Rey Vega  
773 |g volumen2, número3 ( , 2010), páginas 31-34  
999 |c 30808  |d 30808